LDR 01186naa#a2200169#i#450# 001 RU\\bibl\121920 005 20260517065707.7 011 ## _a1998-6785 100 ## _a20230321b2023####ek#y0rusy0150####ca 102 ## _aRU 200 1# _aБлуждание между регионами, или О пользе теории в исторических исследованиях (рецензия на издание "Центр и регионы: экономическая политика правительства на окраинах Российской империи (1894–1917). СПб., 2021") _eЖурнальная статья 210 1# _aВладивосток _cФедеральное государственное бюджетное образовательное учреждение высшего образования "Владивостокский государственный университет" _d2023 215 ## _a4 с. 608 ## _aЖурнальная статья _2local 675 ## _aСоциальные процессы. Социальная динамика. 316.4 _z 700 #1 _aБарбенко _gЯрослав Александрович 856 4# _avvgu.editorum.ru _u